Statistiques concernant Personnalités anglophones par lettre - D

Cliquez ici pour prendre le quiz!

Statistiques générales

  • Ce quiz a été pris 138 fois
  • Le résultat moyen est 10 sur 20

Statistiques - réponses

Réponse% Correct
Donald Trump
100%
Diana Spencer
97%
Drake
91%
David Beckham
87%
Dwayne Johnson
86%
Daniel Radcliffe
82%
Dua Lipa
82%
David Bowie
58%
Demi Lovato
50%
Denzel Washington
50%
Dr. Dre
43%
Danny DeVito
36%
Doja Cat
34%
Demi Moore
31%
Dolly Parton
29%
Drew Barrymore
24%
Dustin Hoffman
23%
Diana Ross
20%
David Letterman
8%
Douglas MacArthur
6%

Distribution des résultats

Percentile par nombre de réponses

% des personnes avec chaque résultat

Votre développement - résultats

Vous n’avez pas pris ce quiz